Semnadcatiletnije : povest' /

Hlavní autor: Matvejev, German Ivanovič, 1904-1961
Jazyk: Ruština
Vydáno: Leningrad : Detgiz, 1956
Fyzický popis: 591 s. : il.
Knihy
Uloženo v:
LEADER 00615nam a22001932a 4500
001 001436247
003 CZ BrMZK
005 20150514120453.0
007 ta
008 141111s1956 ru a er|||||||||||rus d
040 |a ABA004  |b cze  |d BOA001 
100 1 |a Matvejev, German Ivanovič,  |d 1904-1961  |7 xx0065490  |4 aut 
245 1 0 |a Semnadcatiletnije :  |b povest' /  |c G.I. Matvejev ; risunki V. Firsovoj 
260 |a Leningrad :  |b Detgiz,  |c 1956 
300 |a 591 s. :  |b il. 
910 |a BOA001  |b 2-0359.197 
990 |a BK 
991 |b 201411 
996 7 |b 2618929664  |c 2-0359.197  |l MZK  |r Sklad / do 24 hodin  |n 0  |w 001471020  |u 000010  |a 1  |e BOA001  |j MZK50  |s A